| 000 | 00459 a2200181 4500 | ||
|---|---|---|---|
| 999 |
_c29127 _d29127 |
||
| 003 | NUST | ||
| 005 | 20180118161416.0 | ||
| 008 | 180118b xxu||||| |||| 00| 0 eng d | ||
| 020 | _a0805387145 | ||
| 020 | _a9780805387148 | ||
| 082 | 0 | 4 | _a530.12 |
| 100 | 1 |
_aLiboff, Richard. _9166 |
|
| 245 | 1 | 0 |
_aIntroductory quantum mechanics / _cRichard Liboff. |
| 250 | _a4th ed. | ||
| 260 |
_a[S.l.] : _bAddison Wesley, _c2002. |
||
| 300 |
_a900 p. ; _c25 cm. |
||
| 490 | 1 | _a4th edition. | |
| 830 | 0 |
_a4th edition. _9167 |
|
| 942 |
_aSNS _cBK _k530.12 LIB _2ddc |
||